00745pab a2200145 454500008004000000100002000040245005300060260000900113300001300122362001200135520038400147650002900531650002100560773001800581180718b2004 xxu||||| |||| 00| 0 eng d aBhagwat, Vishnu aGlobal oil resources and India's energy strategy c2004 ap.60-66. aOct-Dec aThe world's dwinding petroleum and gas reserves are a bone of contention among the great powers. Confronted by the aggressive military and economic strategy of the USA and its closest allies, India like China, must secure its energy sources through agreements with oil producing countries, especially Russia and other neighbours in Central Asia and the Middle East. - Reproduced. aEnergy resources - India aEnergy resources aWorld Affairs